书目信息 |
| 书名: | International acronyms, initialisms & abbreviations dictionary | |
| 作者: | ||
| 分册号: | ||
| 分册名: | 出版地: | Detroit, Mich. : |
|
| 出版社: | Gale Research Co | |
| 出版时间: | c1985-. | |
| 页数: | 730 p. ; | |
| 开本: | 28 cm. | |
| 丛书名: | ||
| 中图分类号: | ||
| 科图分类号: | ||
| 其他分类号: | H313.6-61 | |
| 主题词: | ||
| 电子资源: | ||
| 000 | 01678cas 2200361 a 4504 | |
| 001 | E0762269422 | |
| 005 | 20070302172031.89 | |
| 008 | 030627c19859999miugr1 d 0uuua0eng d | |
| 010 | @a85642206 | |
| 020 | @a0-8103-0509-7. | |
| 022 | 0 | @a0743-0523. |
| 035 | @a0473-42660 | |
| 050 | 00 | @aP365@b.I57 |
| 090 | @aZ2/W8 | |
| 090 | @aH313.6-61 | |
| 099 | @dH313.6-61@ex20:1 | |
| 245 | 00 | @aInternational acronyms, initialisms & abbreviations dictionary. |
| 246 | 10 | @aInternational acronyms, initialisms, and abbreviations dictionary. |
| 260 | @aDetroit, Mich. :@bGale Research Co.,@cc1985-. | |
| 265 | @aGale Research Co., Book Tower, Detroit, MI 48226. | |
| 300 | @a730 p. ;@c28 cm. | |
| 310 | @aBiennial. | |
| 362 | 0 | @a1st ed.- |
| 515 | @aIssued in 3 vol.; each vol. separately titled: v. 1, International acronyms, initialisms & abbreviations dictionary; v. 2, New international acronyms, initialisms & abbreviations dictionary; and, v. 3, Reverse international acronyms, initialisms & abbreviations dictionary. | |
| 515 | @a1st ed. preceded by a prelimimary edition issued in 1984. | |
| 525 | @aVol. 1 of each ed. kept up-to-date by periodic supplements, designated as v. 2, with title: New international acronyms, initialisms & abbreviations dictionary. | |
| 599 | @aLib. has: 1st ed./v.1, 2nd ed/v.1-3. | |
| 650 | 0 | @aAbbreviations@xPeriodicals. |
| 650 | 0 | @aAcronyms@xPeriodicals. |
| 710 | 20 | @aGale Research Company. |
| 730 | 02 | @aNew international acronyms, initialisms & abbreviations dictionary. |
| 730 | 02 | @aReverse international acronyms, initialisms & abbreviations dictionary. |
| 920 | @a232010@z2 | |
| International acronyms, initialisms & abbreviations dictionary.-Detroit, Mich. : : Gale Research Co., , c1985-. |
| 730 p. ; ; 28 cm. |
| Issued in 3 vol.; each vol. separately titled: v. 1, International acronyms, initialisms & abbreviations dictionary; v. 2, New international acronyms, initialisms & abbreviations dictionary; and, v. 3, Reverse international acronyms, initialisms & abbreviations dictionary.-1st ed. preceded by a prelimimary edition issued in 1984.-Vol. 1 of each ed. kept up-to-date by periodic supplements, designated as v. 2, with title: New international acronyms, initialisms & abbreviations dictionary.-Lib. has: 1st ed./v.1, 2nd ed/v.1-3. |
| ISBN 0-8103-0509-7. |
| ● |
| 相关链接 |
|
|
|
|
正题名:International acronyms, initialisms & abbreviations dictionary
索取号:H313.6-61/x20:1
 
预约/预借
| 序号 | 登录号 | 条形码 | 馆藏地/架位号 | 状态 | 备注 |
| 1 | 182121 | 001299543 | 第二样本阅览室/ [索取号:H313.6-61/x20:1] | 在馆 | |
| 2 | 182122 | 001299534 | 第四借阅区/ [索取号:H313.6-61/x20:1] | 在馆 | |
| 3 | 182123 | 001299525 | 第四借阅区/ [索取号:H313.6-61/x20:1] | 在馆 |